LEADER 01388nam 2200361 450 001 996575303603316 005 20230814220537.0 010 $a1-7281-1536-1 035 $a(CKB)4970000000008928 035 $a(WaSeSS)IndRDA00121332 035 $a(EXLCZ)994970000000008928 100 $a20200331d2018 uy 0 101 0 $aeng 135 $aur||||||||||| 181 $ctxt$2rdacontent 182 $cc$2rdamedia 183 $acr$2rdacarrier 200 10$a2018 15th International Computer Conference on Wavelet Active Media Technology and Information Processing $e14-16 December 2018, Chengdu, China /$fInstitute of Electrical and Electronics Engineers. Chengdu Section 210 1$aPiscataway, New Jersey :$cInstitute of Electrical and Electronics Engineers,$d2018. 215 $a1 online resource (111 pages) 311 $a1-7281-1537-X 606 $aWavelets (Mathematics)$vCongresses 606 $aElectronic data processing$vCongresses 615 0$aWavelets (Mathematics) 615 0$aElectronic data processing 676 $a515.2433 712 02$aInstitute of Electrical and Electronics Engineers.$bChengdu Section, 801 0$bWaSeSS 801 1$bWaSeSS 906 $aPROCEEDING 912 $a996575303603316 996 $a2018 15th International Computer Conference on Wavelet Active Media Technology and Information Processing$92541720 997 $aUNISA LEADER 01104nam0 22002651i 450 001 UON00348154 005 20231205104329.586 100 $a20091130d1923 |0itac50 ba 101 $afre 102 $aFR 105 $a|||| 1|||| 200 1 $aCorrespondance de Paul Verlaine. 2.: Lettres à Émile Blémont, Léon Vanier, Albert Savine et aux chères amies$fpubliée sur les manuscrits originaux avec une préface et des notes par Ad. Van Bever 210 $aParis$cAlbert Messein$d1923 215 $a361 p.$d18 cm. 606 $aLettere e carteggi$3UONC038275$2FI 620 $aFR$dParis$3UONL002984 676 $a846$cLetteratura francese. Lettere.$v21 700 1$aVERLAINE$bPaul$3UONV113403$0388393 712 $aMessein$3UONV256633$4650 801 $aIT$bSOL$c20250919$gRICA 899 $aSIBA - SISTEMA BIBLIOTECARIO DI ATENEO$2UONSI 912 $aUON00348154 950 $aSIBA - SISTEMA BIBLIOTECARIO DI ATENEO$dSI V A VER 2 $eSI MR 56260 5 2 996 $aCorrespondance de Paul Verlaine$91290598 997 $aUNIOR